| 000 | 01095cam a2200217 4500 | ||
|---|---|---|---|
| 001 | ABS63249 | ||
| 008 | 000000n2000 000 0 eng u | ||
| 035 | _a(Sirsi) u109985 | ||
| 100 | _aHurst, L | ||
| 245 | _aWhy the adjoining owner's surveyor needs an engineer | ||
| 260 | _c2000 | ||
| 490 |
_aStructural Survey _v18(5) December 2000, 228-230(3) |
||
| 520 | _aThis paper explains the reasons for the appointment of an engineer by an adjoining owner's surveyor in the context of party wall and adjacent excavation works. Recent changes in contract procedures and professional relationships, together with associated downward pressures on fees, are identified as having contributed to a vulnerability for adjoining owners in these circumstances. The engineer's role in scurtinising temporary works is therefore demonstrated to provide an increasingly important safeguard for adjoining owners. Journal abstract. | ||
| 590 | _aABS | ||
| 650 |
_aParty walls _96258 |
||
| 650 | _aENGINEERS | ||
| 650 | _aSURVEYORS | ||
| 650 | _aDUTIES | ||
| 690 |
_aBoundary disputes _96221 |
||
| 942 | _n0 | ||
| 999 |
_c65599 _d65599 |
||